| 000 | 00583nam a2200193 a 4500 | ||
|---|---|---|---|
| 005 | 20210223120757.0 | ||
| 008 | 991125s1976 es 000 0 spa u | ||
| 020 | _a8425207797 | ||
| 035 | _aUPN01000006877 | ||
| 049 | _aCG | ||
| 050 | 4 |
_aNC180 _bB3.28 |
|
| 100 | 1 |
_aBarnicoat, John, _d1924- _935565 |
|
| 245 | 1 | 4 |
_aLos carteles : _bsu historia y lenguaje / _cJ. Barnicoat ; tr. Justo G. Beramendi. |
| 260 |
_aBarcelona, Esp. : _bG. Gili, _c1976. |
||
| 300 |
_a280 p. : _bprincipalmente il. |
||
| 440 | 0 | _aComunicación visual | |
| 650 | 4 |
_aCARTELES - _xHISTORIA _97732 |
|
| 905 | _aLibro | ||
| 999 |
_c6877 _d6877 |
||